Faculty of Law Library — Cairo University

Official Online Catalog

Répertoire de droit international. (Record no. 50396)

MARC details
000 -LEADER
fixed length control field 01226nam a22003497i 4500
003 - CONTROL NUMBER IDENTIFIER
control field EG-GICUC
005 - DATE AND TIME OF LATEST TRANSACTION
control field 20260121101501.0
008 - FIXED-LENGTH DATA ELEMENTS--GENERAL INFORMATION
fixed length control field 251214s1968 fr ||||| e||| 00| 0 fre d
040 ## - CATALOGING SOURCE
Original cataloging agency EG-GiCUC
Language of cataloging fre
Transcribing agency EG-GiCUC
Modifying agency EG-GiCUC
Description conventions Rda
041 ## - LANGUAGE CODE
Language code of text/sound track or separate title fre
082 04 - DEWEY DECIMAL CLASSIFICATION NUMBER
Edition number 21
Classification number 341
Item number RE
092 04 - LOCALLY ASSIGNED DEWEY CALL NUMBER (OCLC)
Edition number 21
099 ## - LOCAL FREE-TEXT CALL NUMBER (OCLC)
Classification number Law1 REF 11 341 RE 1968
245 00 - TITLE STATEMENT
Title Répertoire de droit international.
Number of part/section of a work Tome I,
Name of part/section of a work Abandon de famille - Extradition /
Statement of responsibility, etc. publié sous la direction de Ph. Francescakis.
246 1# - VARYING FORM OF TITLE
Title proper/short title ENCYCLOPÉDIE JURIDIQUE
264 #1 - PRODUCTION, PUBLICATION, DISTRIBUTION, MANUFACTURE, AND COPYRIGHT NOTICE
Place of production, publication, distribution, manufacture Paris :
Name of producer, publisher, distributor, manufacturer Jurisprudence générale Dalloz,
Date of production, publication, distribution, manufacture, or copyright notice 1968.
300 ## - PHYSICAL DESCRIPTION
Extent 833 page ;
Dimensions 24 cm.
336 ## - CONTENT TYPE
Source rda contenu
Content type term texte
337 ## - MEDIA TYPE
Source rda medias
Media type term Ordinateur
338 ## - CARRIER TYPE
Source transporteur rda
Carrier type term Ressource en ligne
490 0# - SERIES STATEMENT
Series statement Encyclopédie Dalloz
504 ## - BIBLIOGRAPHY, ETC. NOTE
Bibliography, etc. note Includes bibliographies
505 ## - FORMATTED CONTENTS NOTE
Formatted contents note t. 1. Abandon de famille-Extradition <br/>-- t. 2. Factoring-Zone contiguë.
546 ## - LANGUAGE NOTE
Language note Texte en français
650 1# - SUBJECT ADDED ENTRY--TOPICAL TERM
Topical term or geographic name entry element Droit international
Form subdivision Encyclopedias
Source of heading or term qrmak
651 1# - SUBJECT ADDED ENTRY--GEOGRAPHIC NAME
Source of heading or term qrmak
655 #7 - INDEX TERM--GENRE/FORM
Source of term lcgft
Genre/form data or focus term Encyclopedias
700 1# - ADDED ENTRY--PERSONAL NAME
Personal name Francescakis, Phocion
Relator term Contributeur
856 40 - ELECTRONIC LOCATION AND ACCESS
Uniform Resource Identifier <a href="https://fll.law.cu.edu.eg/fulltext/bks/B11-05640.pdf">https://fll.law.cu.edu.eg/fulltext/bks/B11-05640.pdf</a>
905 ## - Cataloger and Reviser Names
Cataloger Name: Rawan khaled
942 ## - ADDED ENTRY ELEMENTS (KOHA)
Source of classification or shelving scheme Dewey Decimal Classification
Koha item type Reference
Edition 21
Suppress in OPAC No
Holdings
Withdrawn status Lost status Source of classification or shelving scheme Damaged status Not for loan Collection Home library Current library Date acquired Total checkouts Full call number Barcode Date last seen Copy number Price effective from Koha item type
    Dewey Decimal Classification   Not for loan القانون الدولي العام جــــامعة القــاهرة مكتبة كلية الحقوق - المبنى الرئيسي 14.12.2025   Law1 REF 11 341 RE 1968 1105640 V1, C1 B11-05640 14.12.2025 1 14.12.2025 Books

© All rights reserved — Faculty of Law, Cairo University